000 00639nam a2200181Ia 4500
008 130821s1940 sp gr spa
040 _aCo-BoUCM
_bspa
041 0 0 _aspa
100 1 _aPérez Mier, Laureano
245 1 0 _aIglesia y estado nuevo; los concordatos ante el moderno derecho
_cLaureano Pérez Mier ; prólogo de E. F. Regatillo
260 _aMadrid (España)
_bEdiciones FAX
_c1940
300 _a[1 volumen]
650 0 4 _917138
_aIglesia y Estado
_zColombia
650 0 4 _aConcordatos
_zColombia
_97437
700 1 _aRegatillo, E. F
_epról.
942 _cLIBRO
_a4
_e1
_mP37i
_2DEWEY
_h261.7
999 _c61197
_d61197